01849 a2200217 45000010006000000050017000060080041000230030015000640400040000790800033001192450020001520200022001722500012001942640040002063000025002465051193002710410008014641000023014727000037014958560099015324810620260407155747.0260407a2017 arg spa dAR-UNSa-BCEJYS aAR-UNSa-BCEJYSbspacAR-UNSa-BCEJYS a330.101.541xMacroeconomía10aMacroeconomía a978-84-9035-535-0 a7a. ed. 1aMadrid :bPearson Educaciónc2017 axxii, 510 p.c27 cm. a1. Una gira por el mundo - 2. Una gira por el libro - 3. El mercado de bienes - 4. Los mercados financieros - 5. Los mercados de bienes y financieros: el modelo IS-LM - 6. Los mercados financieros II: el modelo IS-LM ampliado - 7. El mercado de trabajo - 8. La curva de Phillips, la tasa natural de desempleo y la inflación - 9. Del corto al medio plazo: el modelo IS-LM-PC - 10. Los hechos del crecimiento - 11. El ahorro, la acumulación del capital y la producción - 12. El proceso tecnológico y el crecimiento - 13. El progreso tecnológico: el corto, el medio y el largo plazo - 14. Los mercados financieros y las expectativas - 15. Las expectativas, el consumo y la inversión - 16. Las expectativas, la producción y la política macroeconómica - 17. La apertura de los mercados de bienes y financieros - 18. El mercado de bienes en una economía abierta - 19. La producción, el tipo de interés y el tipo de cambio - 20. Los sistemas de tipo de cambio - 21. ¿Deben imponerse límites a las autoridades económicas? - 22. La política fiscal: recapitulación - 23. La política monetaria: recapitulación - 24. Epílogo: la historia de la macroeconomía - aspa1 aBlanchard, Olivier1 aGarcía de Paso, José Isidoro41uhttps://www.biblioeco.unsa.edu.ar/pmb/images/libros/L127840.jpgyImagen de portadaqimage/jpeg